| 000 | 01241pam a2200373 i 4500 | ||
|---|---|---|---|
| 001 | vtls000821176 | ||
| 003 | PNM | ||
| 005 | 20221020115731.0 | ||
| 008 | 170330s2017 my g 000 f may | ||
| 015 | _aM17-07432 | ||
| 020 |
_a9789675289613 _qpaperback _cRM0.00 |
||
| 039 | 9 |
_a202112310831 _banis_o _c202112271223 _dzainura _c201803071701 _dirfah _c201803070952 _dazeantie |
|
| 040 |
_aBNM _beng _cBNM _dPNM _dPPAK _erda |
||
| 049 | _aklpmal | ||
| 082 | 0 | 4 |
_a899.2333 _223 |
| 090 | 0 | 0 |
_a899.2333 _bSYI _dG |
| 100 | 0 |
_aSyina Hamdan, _d1975- _eauthor. |
|
| 245 | 1 | 0 |
_aBerarak Awan Cinta / _cSyina Hamdan |
| 264 | 1 |
_aJohor Bahru, Johor : _bIntens Idea International Sdn Bhd, _c[2017?] |
|
| 300 |
_a817 pages : _c18 cm |
||
| 336 |
_atext _2rdacontent |
||
| 337 |
_aunmediated _2rdamedia |
||
| 338 |
_avolume _2rdacarrier |
||
| 530 | _aAlso available in online version | ||
| 650 | 1 | 0 | _aMalaysian fiction (Malay) |
| 650 | 2 | 0 | _aMalay fiction |
| 776 | 1 | 8 |
_iReproduced as (manifestation): _aSyina Hamdan, 1975- _tBERARAK AWAN Cinta _w(PNM)000939971 |
| 942 |
_2ddc _cB |
||
| 949 |
_62000477752 _a899.2333 SYI M |
||
| 949 |
_62000477751 _a899.2333 SYI M |
||
| 949 |
_61001388488 _s6700:20200123 |
||
| 949 | _61001388489 | ||
| 949 | _61001388490 | ||
| 999 |
_c189553 _d189553 |
||